000 00563nam a2200193Ia 4500
001 13278
003 GE_BSU
008 181216s||||||||xx |||||||||||||| ||und||
040 _cGE_BSU
080 _a581(075.8)+581.7(075.8)
100 _aЯщенко-Хмелевский,А.А.
245 _aКраткий курс анатомии растении
260 _aМосква
260 _bВысшая школа
260 _c1961
300 _a282стр.илл.20см.
653 _aКраткий курс анатомии растении
942 _cBK
999 _c46440
_d46440